000 00734nam a2200229 i 4500
001 39161
003 ES-MaACL
005 20250822094343.0
007 t|
008 030227s1973 sp ||||1| spa d
020 _a84-265-5054-1
080 _a37.015.3
100 1 _aCampillo, Joaquín.
_934167
245 1 0 _aPsicología de la educación /
_cJoaquín Campillo.
260 _aMadrid :
_bMagisterio Español,
_c[1973]
300 _a440 p. :
_bil. ;
_c24 cm.
490 1 _aBiblioteca de ciencias de la educación
650 7 _aPsicología de la educación
_2embne
_916558
830 1 0 _aBiblioteca de ciencias de la educación (Magisterio Español)
_9181788
852 _aES-MaACL
_jE-7259
999 _c39161
_d39161